000 01000nam a2200361 a 4500
003 AR-BaBNM
005 20251128204910.0
008 082120s2002 ||||||||||||||000 | spa||
020 _a84-227-0455-0
040 _cAR-BaBNM
100 1 _aTitone, Renzo
245 0 0 _aPsicodidáctica
250 _a1ª ed.
260 _aMadrid
_bNarcea
_c1986
300 _a157 p.
_btablas
490 0 _aEducación hoy. Estudios
500 _aVocabulario p. 145-150
500 _aIndice de autores p. 151-154
500 _aIndice temático p. 155-157
504 _aBibliografía comentada p. 133-136
504 _aBibliografía general p. 137-143
650 4 _aPSICOLOGIA DE LA EDUCACION
650 4 _aAPRENDIZAJE
650 4 _aTAXONOMIA
650 4 _aINTERDISCIPLINARIEDAD
650 4 _aCOMPORTAMIENTO DEL ALUMNO
650 4 _aPROCESO DE APRENDIZAJE
650 4 _aCREATIVIDAD
650 4 _aCENTROS DE INTERES
700 1 _aNardo, A. Rita de
_etraductor
942 _cBK
998 _cCarmen
999 _c9249
_d9249